100 Chanteurs des chansons qui ont marqué 2014-2015-2016 - Statistiques

Statistiques générales
  • Ce quiz a été pris 5 053 fois
  • Le résultat moyen est 16 sur 50
Statistiques - réponses
# Chanson Chanteurs % Correct
3 Chandelier Sia
93%
20 On écrit Sur Les Murs Kids United
81%
34 Hello Adèle
70%
50 Uptown Funk Bruno Mars Feat Mark Ronson
69%
15 Sorry Justin Bieber
62%
1 Là C'est Die Ridsa
60%
19 Pas Là Vianney
59%
46 Tu Vas Me Manquer Maitre Gims
57%
5 Me Quemo Kendji Girac
55%
40 Maman Louane
52%
4 Cheerlader OMI
52%
45 Bitch Better Have my money Rihanna
52%
14 Boum Boum Boum Mika
50%
48 On Verra Nekfeu
48%
21 Christine Christine And The Queens
45%
10 Homeless Marina Kaye
45%
33 Hey Mama David Guetta feat Nicky Minaj
43%
43 Stitchies Shawn Mendes
42%
35 Bad Blood Taylor Swift
41%
9 Take Me To Church Hozier
40%
2 Love Me Like You Do Elie Goulding
34%
39 Adventure Of A LifeTime ColdPlay
33%
8 Rosa Gradur
33%
28 Señorita Amine
31%
38 Waiting For Love Avicii
30%
17 Doucement Makassy
29%
37 Uncover Zara Larsson
29%
16 Si Jamais J'oublie Zaz
27%
42 Drag Me Down One Direction
26%
36 Good For You Selena Gomez
26%
12 Quand C'est ? Stromae
26%
31 Gangsta BigFlo & Oli
24%
49 Want To Want Me Jason Derulo
24%
24 Stole The Show Kygo
22%
44 Cool For The Summer Demi Lovato
20%
27 Whatch Me (Whip/Nae Nae) Silento
16%
13 Jimmy Calogéro feat Cats On Trees
10%
29 Policeman Eva Simons
10%
47 Don't Like It, I Love It Flo Rida Feat. Robin Thicke & Verdine White
10%
25 Selfie Vald
10%
22 Oublie Moi Coeur De Pirate
9%
6 Open Season Josef Salvat
9%
7 Ain't Nobody Felix Jaehn
8%
41 I'm So Sorry Imagine Dragons
8%
18 Reality Lost Fréquencies
7%
26 Goodbye Feder
5%
32 Le Bonheur Joyce Jonathan
5%
30 Te Quiero Willy William
5%
11 C'est La Vie Collectif Métissé
3%
23 Welcome To The Dancefloor ItaloBrothers
3%
Aucun quiz correspondant
Distribution des résultats
% des personnes avec chaque résultat
Percentile par nombre de réponses
Votre historique - résultats
Vous n’avez pas pris ce quiz